Ursprüngliche Namen der Einwohner des Dorfes Asterix - Statistiken

Allgemein
  • Dieses Quiz wurde 62 mal gespielt
  • Das Durchschnittsergebnis liegt bei 5 aus 12
Antwortstatistiken
Deutsche namen Französische Namen % Korrekt
Asterix Astérix
100%
Obelix Obélix
98%
Idefix Idéfix
71%
Falbala Falbala
34%
Miraculix Panoramix
25%
Majestix Abraracourcix
21%
Gutemine Bonemine
21%
Troubadix Assurancetourix
20%
Automatix Cétautomatix
18%
Methusalix Agecanonix
14%
Verleihnix Ordralfabétix
14%
Jellosubmarine Iélosubmarine
13%
Keine übereinstimmenden Quizze gefunden
Verteilung der Resultate
Anzahl Personen mit jedem Resultat
Perzentil nach korrekt beantworteten Fragen
Ihre Resultats-Entwicklung
Sie haben dieses Quiz noch nicht gespielt